000 00435nam a2200157Ia 4500
008 241127s9999||||xx |||||||||||||| ||und||
020 _a9789839319491
_c00
040 _beng
_cSSK Library
_erda
082 _a370.114/ABD
100 _a Abdul Rahman Md. Aroff
245 0 _aPendidikan Moral:Teori Etika Dan Amalan Moral
260 _b Universiti Putra Malaysia
_c©2006
942 _22ddc
_cBOOK
_nNo
999 _c8349
_d8349
003 OSt
005 20241127152741.0